Những vụ án kỳ lạ thời Khang Hy Thi Công kì án T.1
Kể về những vụ án li kì thời Khang Hy do Thi Công (Thi Thế Luân) - huyện lệnh ở Phủ Thuận Thiên xét xử. Tập 1 giới thiệu hai truyện Hoàng đế nướng bánh và Hoàng đế thật - Hoàng đế giả.
Сохранить в:
| Главный автор: | |
|---|---|
| Другие авторы: | |
| Формат: | |
| Язык: | Undetermined |
| Опубликовано: |
H.
Văn học
2010
|
| Предметы: | |
| Online-ссылка: | http://lrc.tdmu.edu.vn/opac/search/detail.asp?aID=2&ID=15096 |
| Метки: |
Добавить метку
Нет меток, Требуется 1-ая метка записи!
|
| Thư viện lưu trữ: | Trung tâm Học liệu Trường Đại học Thủ Dầu Một |
|---|
| LEADER | 01168nam a2200241Ia 4500 | ||
|---|---|---|---|
| 001 | TDMU_15096 | ||
| 008 | 210410s9999 xx 000 0 und d | ||
| 082 | |a 895.13 | ||
| 090 | |b M121 | ||
| 100 | |a Mân, Giang | ||
| 245 | 0 | |a Những vụ án kỳ lạ thời Khang Hy | |
| 245 | 0 | |b Thi Công kì án | |
| 245 | 0 | |c Mân Giang; Ông Văn Tùng dịch | |
| 245 | 0 | |n T.1 | |
| 260 | |a H. | ||
| 260 | |b Văn học | ||
| 260 | |c 2010 | ||
| 300 | |a 560tr. | ||
| 520 | |a Kể về những vụ án li kì thời Khang Hy do Thi Công (Thi Thế Luân) - huyện lệnh ở Phủ Thuận Thiên xét xử. Tập 1 giới thiệu hai truyện Hoàng đế nướng bánh và Hoàng đế thật - Hoàng đế giả. | ||
| 650 | |a Truyện vụ án Trung Quốc; Văn học Trung Quốc |y Thời Khang Hy |x Truyện vụ án; Nhân vật lịch sử Trung Quốc |x Thi Công (Thi Thế Luân) |x Xử án | ||
| 700 | |a Ông, Văn Tùng | ||
| 856 | |u http://lrc.tdmu.edu.vn/opac/search/detail.asp?aID=2&ID=15096 | ||
| 980 | |a Trung tâm Học liệu Trường Đại học Thủ Dầu Một | ||